000 00397nam a2200157Ia 4500
005 20250303120126.0
008 231217s9999 xx 000 0 und d
020 _a9788131413449
082 _a628.5 USH;1 R
100 _aUsha, A ed.
245 0 _aPollution prevention : a debate
260 _c2007
_bIcfai
_aHyderabad
300 _avii, 210
650 _aPollution,prevention
942 _cAA
999 _c191027
_d191027